Superspace or one thousand and one lessons in supersymmetry (Record no. 8113)

MARC details
000 -LEADER
fixed length control field 00636nam a2200205Ia 4500
003 - CONTROL NUMBER IDENTIFIER
control field IN-BaIIA
008 - FIXED-LENGTH DATA ELEMENTS--GENERAL INFORMATION
fixed length control field 211028s9999 xx 000 0 eng d
020 ## - INTERNATIONAL STANDARD BOOK NUMBER
International Standard Book Number 0-8053-3160-3
040 ## - CATALOGING SOURCE
Transcribing agency IIA Library
080 ## - UNIVERSAL DECIMAL CLASSIFICATION NUMBER
Universal Decimal Classification number 531.5
Item number GAT
100 ## - MAIN ENTRY--PERSONAL NAME
Personal name Gates, S. James
9 (RLIN) 13670
245 #0 - TITLE STATEMENT
Title Superspace or one thousand and one lessons in supersymmetry
Statement of responsibility, etc. S. James Gates
260 ## - PUBLICATION, DISTRIBUTION, ETC.
Place of publication, distribution, etc. Reading
Name of publisher, distributor, etc. The Benjamin-Cummins
Date of publication, distribution, etc. 1983
300 ## - PHYSICAL DESCRIPTION
Extent xii, 548p.
490 ## - SERIES STATEMENT
Series statement Frontiers in physics; v. 58
650 ## - SUBJECT ADDED ENTRY--TOPICAL TERM
Topical term or geographic name entry element NASA Thesaurus
650 ## - SUBJECT ADDED ENTRY--TOPICAL TERM
Topical term or geographic name entry element Supergravity
9 (RLIN) 11828
650 ## - SUBJECT ADDED ENTRY--TOPICAL TERM
Topical term or geographic name entry element Supersymmetry
9 (RLIN) 13671
942 ## - ADDED ENTRY ELEMENTS (KOHA)
Koha item type Books
Holdings
Withdrawn status Lost status Damaged status Not for loan Home library Current library Shelving location Date acquired Total Checkouts Full call number Barcode Date last seen Price effective from Koha item type Purchase Price
        IIA Library-Bangalore IIA Library-Bangalore General Stacks 21/02/1985   531.5/ GAT 8950 05/11/2021 21/02/1985 Books £ 40.80

Powered by Koha